| 000 | 00498nam a2200145 i 4500 | ||
|---|---|---|---|
| 001 | 31174 | ||
| 003 | ES-MaACL | ||
| 007 | t| | ||
| 008 | 030128s1903 sp ||||1| spa d | ||
| 100 | 1 |
_aBenavent y Feliu, Ricardo. _927441 |
|
| 245 | 1 | 3 |
_aEl arte _b: consideraciones estéticas sobre las bellas artes en general y especialmente sobre la música / _cRicardo Benavent y Feliu. |
| 260 |
_aGandía : _b[s.n., _c1903] ( _fLuis Catalá y Serra) |
||
| 300 |
_a468 p. ; _c22 cm. |
||
| 852 |
_aES-MaACL _jB-678 |
||
| 999 |
_c31174 _d31174 |
||